[Event "International Championship of Central Se"]
[Site "Paracin, hotel "]
[Date "2013.07.05"]
[Round "1.1"]
[White "Rasic, Jovan"]
[Black "Cokan, Mirko"]
[Result "1-0"]
[WhiteElo "2085"]
[BlackElo "1789"]
[PlyCount "93"]
[EventDate "2013.07.05"]

1. e4 e5 2. Nf3 Nc6 3. Bc4 Bc5 4. b4 Bxb4 5. c3 Be7 6. d4 exd4 7. O-O d5 8.
exd5 Na5 9. Qa4+ c6 10. dxc6 Kf8 11. Nxd4 Nxc6 12. Nxc6 bxc6 13. Qxc6 Bd7 14.
Qf3 Nf6 15. Re1 Bg4 16. Qf4 Be6 17. Ba3 Rc8 18. Bxe7+ Qxe7 19. Nd2 Qc7 20. Qxc7
Rxc7 21. Bxe6 fxe6 22. Rxe6 Rxc3 23. Rae1 Rc8 24. Nf3 Ra8 25. Ra6 Ne8 26. Ne5
Nf6 27. h3 Ne8 28. Nc6 Nc7 29. Rxa7 Rxa7 30. Nxa7 Kf7 31. Nc6 Re8 32. Rxe8 Kxe8
33. f4 Nd5 34. g3 Kd7 35. Nd4 g6 36. Kf2 Kd6 37. Kf3 Nf6 38. g4 Kd5 39. Ne2 Ne4
40. Ke3 Nf6 41. Nc3+ Ke6 42. a4 Nd7 43. Kd4 Kd6 44. g5 Nf8 45. Ne4+ Kc6 46. Ke5
Kb6 47. Kd6 1-0

[Event "International Championship of Central Se"]
[Site "Paracin, hotel "]
[Date "2013.07.05"]
[Round "1.2"]
[White "Pavlovic, Branka"]
[Black "Tomic, Slobodan"]
[Result "1-0"]
[WhiteElo "1787"]
[BlackElo "2082"]
[PlyCount "80"]
[EventDate "2013.07.05"]

1. e4 e6 2. d4 d5 3. Nd2 Nf6 4. e5 Nfd7 5. Bd3 c5 6. c3 Nc6 7. Ne2 Qb6 8. Nf3
Be7 9. O-O Nf8 10. a4 c4 11. Bc2 Bd7 12. Rb1 Na5 13. Nd2 f5 14. exf6 gxf6 15.
Nf4 O-O-O 16. b4 cxb3 17. Nxb3 Qc7 18. Nxa5 Qxa5 19. Bd2 Qc7 20. Qe2 Bd6 21. g3
Re8 22. Nh5 Qd8 23. Qf3 f5 24. c4 Bc6 25. Qb3 Nd7 26. Ng7 Re7 27. Bg5 Rg8 28.
Nxe6 dxc4 29. Qxc4 Nb6 30. Qd3 Qe8 31. Bxe7 Qxe7 32. Rfe1 Kb8 33. a5 Be4 34.
Rxe4 fxe4 35. Qxe4 Nc4 36. a6 b6 37. Qd5 Nd2 38. Rd1 Bb4 39. Rxd2 Bxd2 40. Be4
Kc8 1-0

[Event "International Championship of Central Se"]
[Site "Paracin, hotel "]
[Date "2013.07.05"]
[Round "1.3"]
[White "Marjanovics, Gyorgy"]
[Black "Lazovic, Bozidar"]
[Result "1/2-1/2"]
[WhiteElo "2069"]
[BlackElo "1786"]
[PlyCount "97"]
[EventDate "2013.07.05"]

1. e4 c5 2. Nf3 d6 3. d4 cxd4 4. Nxd4 Nf6 5. Nc3 g6 6. Be3 Bg7 7. f3 O-O 8. Qd2
Nc6 9. O-O-O Nxd4 10. Bxd4 Be6 11. Kb1 Qa5 12. Nd5 Qxd2 13. Nxe7+ Kh8 14. Rxd2
Rfe8 15. Bxf6 Bxf6 16. Nd5 Bg5 17. Rd1 Bxd5 18. Rxd5 Be7 19. Bc4 Kg7 20. b4
Red8 21. f4 Rac8 22. Bd3 Bf6 23. c4 Ra8 24. Kc2 Kf8 25. g4 Ke7 26. h4 h6 27. g5
Bg7 28. f5 Be5 29. c5 Bf4 30. gxh6 dxc5 31. Rxc5 gxf5 32. exf5 Bxh6 33. Re1+
Kf6 34. Rc7 Bf4 35. Rc4 Rac8 36. Ree4 Be5 37. a4 Rxc4+ 38. Rxc4 Rd4 39. Rxd4
Bxd4 40. Kb3 Bf2 41. h5 Kg5 42. Be4 Kxh5 43. Bxb7 Kg5 44. Bc8 Kf6 45. Kc4 Ke7
46. Kd5 Kd8 47. Bb7 Kc7 48. Ba8 f6 49. Ke6 1/2-1/2

[Event "International Championship of Central Se"]
[Site "Paracin, hotel "]
[Date "2013.07.05"]
[Round "1.4"]
[White "Pantic, Radosav"]
[Black "Ostojic, Nikola M"]
[Result "0-1"]
[WhiteElo "1782"]
[BlackElo "2068"]
[PlyCount "116"]
[EventDate "2013.07.05"]

1. d4 Nf6 2. c4 e6 3. Nc3 d5 4. Bg5 Nbd7 5. Nf3 c6 6. e3 Qa5 7. Nd2 Bb4 8. Qc2
O-O 9. Bh4 Re8 10. Nb3 Qd8 11. cxd5 exd5 12. Bd3 Nf8 13. O-O Be7 14. Bg3 Ne6
15. Rad1 Bd6 16. e4 Bxg3 17. hxg3 dxe4 18. Nxe4 Nxe4 19. Bxe4 Ng5 20. Bd3 g6
21. Bc4 Bg4 22. f3 Be6 23. Nc5 Bxc4 24. Qxc4 Qc7 25. Kf2 Rad8 26. Rfe1 b6 27.
Nb3 Rxe1 28. Rxe1 Qb7 29. Qb4 Ne6 30. Re5 Qd7 31. f4 Nxd4 32. Re7 Qd5 33. Re5
Qd7 34. Re7 Qd5 35. Re5 Qd6 36. Qe1 Nxb3 37. axb3 Qd2+ 38. Qe2 Qxe2+ 39. Kxe2
Kf8 40. Re4 Re8 41. Ke3 f6 42. g4 a5 43. f5 Rxe4+ 44. Kxe4 Ke7 45. Kf4 g5+ 46.
Ke4 Kd6 47. Kd4 b5 48. g3 c5+ 49. Ke3 Ke5 50. Kd3 Kd5 51. Ke3 c4 52. bxc4+ Kxc4
53. Ke4 a4 54. Ke3 b4 55. Kd2 Kb3 56. Kc1 a3 57. bxa3 Kxa3 58. Kb1 Kb3 0-1

[Event "International Championship of Central Se"]
[Site "Paracin, hotel "]
[Date "2013.07.05"]
[Round "1.5"]
[White "Cica, Dragan"]
[Black "Stojiljkovic, Tamara"]
[Result "1-0"]
[WhiteElo "2063"]
[BlackElo "1780"]
[PlyCount "47"]
[EventDate "2013.07.05"]

1. e4 c5 2. Nf3 d6 3. d4 cxd4 4. Nxd4 Nf6 5. Nc3 g6 6. Be3 Bg7 7. f3 O-O 8. Qd2
Nc6 9. O-O-O Bd7 10. h4 Rc8 11. Kb1 Ne5 12. g4 h5 13. gxh5 Nxh5 14. Rg1 Kh7 15.
f4 Nc4 16. Bxc4 Rxc4 17. f5 Qa5 18. Rg5 Qd8 19. Rdg1 Be8 20. Rxh5+ gxh5 21. Qe2
f6 22. Qxc4 Bf7 23. Ne6 Bxe6 24. Qxe6 1-0

[Event "International Championship of Central Se"]
[Site "Paracin, hotel "]
[Date "2013.07.05"]
[Round "1.6"]
[White "Rakic, Ognjan"]
[Black "Jandric, Damjan"]
[Result "0-1"]
[WhiteElo "1768"]
[BlackElo "2058"]
[PlyCount "76"]
[EventDate "2013.07.05"]

1. e4 c5 2. Nf3 d6 3. d4 cxd4 4. Nxd4 Nf6 5. Nc3 a6 6. Bc4 e6 7. Bb3 b5 8. f3
Be7 9. Be3 O-O 10. Qd2 Bb7 11. O-O-O Nc6 12. Nxc6 Bxc6 13. Kb1 a5 14. a4 bxa4
15. Bxa4 Bxa4 16. Nxa4 Rb8 17. Ka2 Qc7 18. b3 d5 19. e5 Nd7 20. f4 Rb4 21. c3
Rb7 22. Rb1 f6 23. exf6 Nxf6 24. Rhc1 Ne4 25. Qd3 Qd6 26. Rb2 Qa3+ 27. Kb1 Rxb3
28. Rxb3 Qxb3+ 29. Nb2 Rb8 30. Rc2 a4 31. Qa6 Nxc3+ 32. Kc1 Na2+ 33. Kb1 Qxe3
34. Rc8+ Rxc8 35. Qxc8+ Kf7 36. Kxa2 Qb3+ 37. Ka1 a3 38. Na4 Bf6+ 0-1

[Event "International Championship of Central Se"]
[Site "Paracin, hotel "]
[Date "2013.07.05"]
[Round "1.7"]
[White "Arandjelovic, Aleksandar Z"]
[Black "Mijajlovic, Milutin"]
[Result "1-0"]
[WhiteElo "2042"]
[BlackElo "1757"]
[PlyCount "48"]
[EventDate "2013.07.05"]

1. d4 d5 2. c4 e6 3. Nc3 Nc6 4. Nf3 Nf6 5. Bg5 Be7 6. e3 dxc4 7. Bxc4 O-O 8.
O-O Nd5 9. Bxe7 Ndxe7 10. Rc1 a6 11. a4 Ng6 12. g3 Bd7 13. h4 h6 14. Bd3 f5 15.
Bb1 Qf6 16. Ne2 Rad8 17. h5 Nge7 18. Qb3 Rb8 19. Nf4 g5 20. hxg6 Nxg6 21. Nxg6
Qxg6 22. Nh4 Qf7 23. f4 Qh5 24. Bc2 Rf7 {unreadable} 1-0

[Event "International Championship of Central Se"]
[Site "Paracin, hotel "]
[Date "2013.07.05"]
[Round "1.8"]
[White "Milosavljevic, Radosav"]
[Black "Djuretanovic, Ivan"]
[Result "0-1"]
[WhiteElo "1751"]
[BlackElo "2042"]
[PlyCount "30"]
[EventDate "2013.07.05"]

1. e4 e5 2. Nf3 Nc6 3. Bb5 a6 4. Ba4 b5 5. Bb3 Nf6 6. O-O Be7 7. Re1 Bc5 8. c3
Ng4 9. d4 exd4 10. cxd4 Nxd4 11. Nxd4 Qh4 12. h3 Qxf2+ 13. Kh1 Bxd4 14. Bxf7+
Kxf7 15. Rf1 Ke8 0-1

[Event "International Championship of Central Se"]
[Site "Paracin, hotel "]
[Date "2013.07.05"]
[Round "1.9"]
[White "Radovic, Janko"]
[Black "Vasilev, Martin"]
[Result "1-0"]
[WhiteElo "2038"]
[BlackElo "1741"]
[PlyCount "27"]
[EventDate "2013.07.05"]

1. e4 e5 2. Nf3 d6 3. d4 Nd7 4. Bc4 Be7 5. O-O h6 6. dxe5 dxe5 7. Qd5 Nc5 8.
Qxf7+ Kd7 9. Rd1+ Kc6 10. Rxd8 Bxd8 11. Nxe5+ Kb6 12. Ng6 Nf6 13. Nxh8 Nfxe4
14. Be3 1-0

[Event "International Championship of Central Se"]
[Site "Paracin, hotel "]
[Date "2013.07.05"]
[Round "1.10"]
[White "Miskovic, Lazar"]
[Black "Majstorovic, Dusan"]
[Result "1/2-1/2"]
[WhiteElo "1733"]
[BlackElo "2025"]
[PlyCount "128"]
[EventDate "2013.07.05"]

1. c4 e5 2. g3 Nc6 3. Bg2 Nf6 4. Nc3 Be7 5. d3 O-O 6. Nf3 d6 7. O-O Be6 8. Rb1
Qc8 9. b4 Bh3 10. e4 Qg4 11. Be3 Qh5 12. Nh4 Bxg2 13. Qxh5 Nxh5 14. Nxg2 g6 15.
Nd5 Bd8 16. Bh6 Ng7 17. f4 f5 18. exf5 Rxf5 19. Nge3 Rf7 20. Bxg7 Kxg7 21. fxe5
Nxe5 22. Rxf7+ Nxf7 23. Re1 Ne5 24. Rd1 c6 25. Nf4 Bb6 26. c5 dxc5 27. bxc5 g5
28. cxb6 gxf4 29. gxf4 Ng6 30. f5 Nf4 31. Rd2 axb6 32. Kf2 Ra3 33. d4 b5 34. d5
Nxd5 35. Nxd5 cxd5 36. Rxd5 Rxa2+ 37. Kg3 Rb2 38. Rd7+ Kf6 39. Rxb7 h5 40. Rh7
Rb3+ 41. Kf2 Rh3 42. Kg2 Rh4 43. Rb7 Rb4 44. Rh7 h4 45. Kf3 Kxf5 46. Rh5+ Ke6
47. Ke3 Kd6 48. Kd3 Kc6 49. Rh6+ Kc5 50. Kc3 Rf4 51. Rh5+ Kb6 52. Rd5 Ka5 53.
Rd2 Rf3+ 54. Kb2 Ka4 55. Rd4+ b4 56. Rxh4 Rf2+ 57. Kc1 Ka3 58. Rh8 Rf1+ 59. Kd2
Kb2 60. h4 b3 61. h5 Rh1 62. h6 Rh2+ 63. Kd1 Rh1+ 64. Kd2 Rh2+ 1/2-1/2

[Event "International Championship of Central Se"]
[Site "Paracin, hotel "]
[Date "2013.07.05"]
[Round "1.11"]
[White "Antic, Nenad"]
[Black "Zarkovic, Milos"]
[Result "1-0"]
[WhiteElo "2022"]
[BlackElo "1719"]
[PlyCount "49"]
[EventDate "2013.07.05"]

1. d4 d5 2. c4 e6 3. Nc3 Nf6 4. cxd5 exd5 5. Bg5 Be7 6. Qc2 O-O 7. e3 c6 8. Bd3
Nbd7 9. Nge2 Re8 10. O-O Ne4 11. Bf4 Nef6 12. f3 Nf8 13. Bg3 Ne6 14. Be5 h6 15.
Kh1 Bd6 16. Bg3 Bxg3 17. Nxg3 b6 18. Qf2 Bb7 19. Rad1 Qc7 20. Rc1 Rac8 21. Nf5
Red8 22. Qh4 Ng5 23. f4 Nge4 24. Nxe4 Nxe4 25. Ne7+ 1-0

[Event "International Championship of Central Se"]
[Site "Paracin, hotel "]
[Date "2013.07.05"]
[Round "1.12"]
[White "Kostic, Marko"]
[Black "Mijovic, Cedomir"]
[Result "0-1"]
[WhiteElo "1718"]
[BlackElo "2015"]
[PlyCount "30"]
[EventDate "2013.07.05"]

1. d4 d5 2. Bf4 e6 3. e3 Bd6 4. Bxd6 Qxd6 5. Nd2 c5 6. c3 Nf6 7. Bd3 Nc6 8.
Ngf3 e5 9. dxe5 Nxe5 10. Nxe5 Qxe5 11. Nf3 Qc7 12. O-O O-O 13. h3 Ne4 14. Qc2
f5 15. Rad1 b6 {unreadable} 0-1

[Event "International Championship of Central Se"]
[Site "Paracin, hotel "]
[Date "2013.07.05"]
[Round "1.13"]
[White "Ljangov, Petar"]
[Black "Injac, Teodora"]
[Result "1-0"]
[WhiteElo "2010"]
[BlackElo "1713"]
[PlyCount "136"]
[EventDate "2013.07.05"]

1. e4 e6 2. d4 d5 3. Nc3 Nf6 4. Bg5 Be7 5. e5 Nfd7 6. Bxe7 Qxe7 7. f4 a6 8. Nf3
c5 9. dxc5 Nc6 10. Qd2 Nxc5 11. O-O-O b5 12. Bd3 Rb8 13. Ne2 Qc7 14. Kb1 b4 15.
Ned4 Nxd4 16. Nxd4 Na4 17. Nb3 a5 18. Ka1 Bd7 19. Rde1 Qa7 20. Qe3 Qxe3 21.
Rxe3 Ra8 22. Nd4 Rb8 23. Rhe1 Nc5 24. Rh3 g6 25. g4 Ke7 26. g5 Kf8 27. Ree3 Kg7
28. Kb1 Na4 29. Nb3 Ra8 30. Rh4 Ra7 31. Reh3 Raa8 32. Kc1 Ra7 33. Nd2 Raa8 34.
Nf1 Nc5 35. Ne3 Bc6 36. Ng4 Nd7 37. Nf6 Nxf6 38. exf6+ Kg8 39. Kd2 Bd7 40. Re3
Rb8 41. Rh6 Re8 42. h4 Rb8 43. h5 Ra8 44. Re2 Rb8 45. Rh2 Be8 46. b3 Rc8 47.
Re2 Rb8 48. Re1 Rc8 49. hxg6 hxg6 50. Rxh8+ Kxh8 51. a3 Rb8 52. axb4 axb4 53.
Ke3 Kg8 54. Kd4 Rc8 55. Ra1 Kf8 56. Ra6 Rb8 57. Kc5 Bd7 58. Rb6 Rxb6 59. Kxb6
Kg8 60. Kc5 Kf8 61. Kxb4 Bc8 62. Kc5 Ke8 63. Kd6 Kd8 64. Bxg6 Ke8 65. Bd3 Bb7
66. g6 Kf8 67. g7+ Kg8 68. Ke7 Bc6 1-0

[Event "International Championship of Central Se"]
[Site "Paracin, hotel "]
[Date "2013.07.05"]
[Round "1.14"]
[White "Milojkovic, Miroslav"]
[Black "Janjic, Jovo"]
[Result "1/2-1/2"]
[WhiteElo "1711"]
[BlackElo "2008"]
[PlyCount "41"]
[EventDate "2013.07.05"]

1. e4 c5 2. Nf3 Nc6 3. d4 cxd4 4. Nxd4 d6 5. Nc3 Nf6 6. f3 g6 7. Be3 Bg7 8. Qd2
O-O 9. O-O-O Nxd4 10. Bxd4 Be6 11. Nd5 Bxd5 12. Bxf6 Bxf6 13. Qxd5 Qb6 14. c3
Rac8 15. Kc2 Rc5 16. Qb3 Qc7 17. Rd5 Rc8 18. Rxc5 Qxc5 19. Qd5 Qf2+ 20. Qd2 Qc5
21. Qd5 1/2-1/2

[Event "International Championship of Central Se"]
[Site "Paracin, hotel "]
[Date "2013.07.05"]
[Round "1.15"]
[White "Stojkovic, Zoran"]
[Black "Zlatanovic, Jovana"]
[Result "1-0"]
[WhiteElo "2005"]
[BlackElo "1698"]
[PlyCount "114"]
[EventDate "2013.07.05"]

1. e4 c5 2. Nf3 d6 3. d4 cxd4 4. Nxd4 Nf6 5. Nc3 Nc6 6. Be2 e5 7. Nxc6 bxc6 8.
Bg5 Be7 9. Qd2 Rb8 10. b3 O-O 11. O-O Qc7 12. Rad1 Rd8 13. f4 Be6 14. f5 Bc8
15. Bc4 Ne8 16. h4 Rd7 17. Rf3 Qb6+ 18. Be3 Qd8 19. g4 Nf6 20. g5 Ng4 21. g6
Bxh4 22. Bxf7+ Kh8 23. Rh3 h6 24. Kg2 Nxe3+ 25. Qxe3 Ba6 26. Rdh1 Qg5+ 27. Qxg5
Bxg5 28. Rh5 Bd2 29. Nb1 Bf4 30. c4 Bb7 31. Nc3 Bd2 32. Be6 Rdd8 33. Ne2 Bc8
34. Bf7 Bd7 35. Rd1 Bb4 36. f6 Be8 37. a3 Bxf7 38. gxf7 Bxa3 39. Ng3 Rb7 40.
Nf5 Rxf7 41. fxg7+ Rxg7+ 42. Nxg7 Kxg7 43. Rxe5 dxe5 44. Rxd8 a5 45. Kf3 Kf6
46. Kg4 Ke7 47. Rh8 Bc1 48. Kf5 Kd6 49. Ra8 Kc5 50. Rxa5+ Kb4 51. Rxe5 Kxb3 52.
c5 Kc4 53. Ke6 Bf4 54. Rf5 Be3 55. Kd6 Kd4 56. e5 Ke4 57. Rf1 Bf4 1-0

[Event "International Championship of Central Se"]
[Site "Paracin, hotel "]
[Date "2013.07.05"]
[Round "1.16"]
[White "Djordjevic, Lazar"]
[Black "Grbic, Branko"]
[Result "0-1"]
[WhiteElo "1683"]
[BlackElo "1984"]
[PlyCount "138"]
[EventDate "2013.07.05"]

1. e4 c5 2. Nf3 e6 3. c3 d5 4. exd5 Qxd5 5. d4 Nf6 6. Be2 Nc6 7. O-O Be7 8. Be3
cxd4 9. Nxd4 Nxd4 10. Qxd4 e5 11. Qd3 O-O 12. Bg5 Rd8 13. Rd1 Qa5 14. Qc2 Rxd1+
15. Bxd1 Be6 16. Nd2 h6 17. Bxf6 Bxf6 18. Bf3 Qb6 19. Nb3 Rd8 20. Rd1 Rxd1+ 21.
Qxd1 Qb5 22. Nd2 b6 23. Ne4 Be7 24. Be2 Qc6 25. b3 Bd5 26. f3 f5 27. Ng3 g6 28.
c4 Qc5+ 29. Kh1 Be6 30. Qd2 Bg5 31. Qd3 Kf7 32. Qc3 Bf4 33. Nf1 a5 34. g3 Bg5
35. Kg2 h5 36. Qd3 Qa3 37. h4 Be7 38. Qd2 Bc5 39. Ne3 a4 40. Nd5 axb3 41. axb3
Qxb3 42. Qh6 Bf8 43. Qe3 Qxe3 44. Nxe3 Bc5 45. Nd1 Bd4 46. Bd3 Ke7 47. Nf2 Kd6
48. g4 Kc5 49. gxh5 gxh5 50. Nh3 Bxc4 51. Bxf5 Bf7 52. Ng5 Be8 53. Ne6+ Kc4 54.
Nc7 Bf7 55. Bd7 Kc5 56. Na6+ Kd6 57. Bb5 Bc3 58. Kf2 Be6 59. Ke2 Bd7 60. Bd3
Be8 61. Be4 Bb5+ 62. Bd3 Bxd3+ 63. Kxd3 Be1 64. Kc4 Kc6 65. Nb8+ Kc7 66. Na6+
Kb7 67. Kb5 Bd2 68. Nb4 Bxb4 69. Kxb4 Kc6 0-1

[Event "International Championship of Central Se"]
[Site "Paracin, hotel "]
[Date "2013.07.05"]
[Round "1.17"]
[White "Zivkovic, Zivojin"]
[Black "Rakic, Nikola"]
[Result "1-0"]
[WhiteElo "1981"]
[BlackElo "1676"]
[PlyCount "69"]
[EventDate "2013.07.05"]

1. Nf3 c5 2. g3 Nc6 3. Bg2 Nf6 4. d3 g6 5. O-O Bg7 6. c4 O-O 7. Nc3 d6 8. Rb1
Bd7 9. a3 a5 10. Bg5 h6 11. Bd2 Re8 12. Nd5 Qc8 13. b4 axb4 14. axb4 cxb4 15.
Bxb4 Nxb4 16. Rxb4 Nh7 17. Qb3 Bf8 18. Nc3 e6 19. Rxb7 Rb8 20. Rb1 Rxb7 21.
Qxb7 Bc6 22. Qb2 g5 23. Nd4 Bxg2 24. Kxg2 f5 25. Qb7 Qd8 26. Nc6 Qf6 27. Qd7
Qg6 28. Rb8 Rxb8 29. Nxb8 Qf6 30. Nb5 e5 31. Qc6 Be7 32. Qd5+ Kg7 33. Nc6 Bf8
34. Nc7 g4 35. Ne8+ 1-0

[Event "International Championship of Central Se"]
[Site "Paracin, hotel "]
[Date "2013.07.05"]
[Round "1.18"]
[White "Jovicic, Damir"]
[Black "Kostic, Tomislav"]
[Result "0-1"]
[WhiteElo "1669"]
[BlackElo "1978"]
[PlyCount "48"]
[EventDate "2013.07.05"]

1. e4 c5 2. Nf3 e6 3. d4 cxd4 4. Nxd4 a6 5. Bd3 Nf6 6. c4 d6 7. O-O Be7 8. Nc3
O-O 9. b3 b6 10. Bb2 Bb7 11. Qe2 Nbd7 12. Rae1 Re8 13. f4 e5 14. Nf5 Bf8 15.
Nd5 Bxd5 16. exd5 g6 17. g4 e4 18. Bc2 gxf5 19. g5 Bg7 20. Kh1 Kh8 21. gxf6
Bxf6 22. Qh5 Bxb2 23. Re3 Qf6 24. Rg1 Rg8 0-1

[Event "International Championship of Central Se"]
[Site "Paracin, hotel "]
[Date "2013.07.05"]
[Round "1.19"]
[White "Lazic, Milan B"]
[Black "Fejzic, Edo"]
[Result "1-0"]
[WhiteElo "1978"]
[BlackElo "1665"]
[PlyCount "69"]
[EventDate "2013.07.05"]

1. e4 c5 2. c3 d5 3. exd5 Qxd5 4. d4 Nf6 5. Nf3 e6 6. Na3 a6 7. Nc4 Qd8 8. Bg5
Nc6 9. dxc5 Qxd1+ 10. Rxd1 Ne4 11. Nd6+ Bxd6 12. cxd6 f6 13. Be3 b5 14. Nd4
Nxd4 15. Rxd4 f5 16. f3 Nf6 17. c4 bxc4 18. Bxc4 Kd7 19. Bg5 Rf8 20. Bb3 Bb7
21. Ba4+ Bc6 22. Bxc6+ Kxc6 23. Bxf6 gxf6 24. d7 Kc7 25. Kf2 Kd8 26. Rd6 Ke7
27. Rhd1 Rfd8 28. Rb6 Ra7 29. Rdd6 e5 30. Re6+ Kxd7 31. Rxf6 f4 32. Rxa6 Rxa6
33. Rxa6 Ke8 34. Re6+ Kf7 35. Rxe5 1-0

[Event "International Championship of Central Se"]
[Site "Paracin, hotel "]
[Date "2013.07.05"]
[Round "1.20"]
[White "Vasic, Milovan"]
[Black "Dragojevic, Dragan"]
[Result "0-1"]
[WhiteElo "1664"]
[BlackElo "1971"]
[PlyCount "34"]
[EventDate "2013.07.05"]

1. e4 e5 2. Nf3 Nc6 3. Bb5 a6 4. Bxc6 dxc6 5. d4 Bg4 6. c3 Bxf3 7. gxf3 Qf6 8.
Be3 O-O-O 9. Nd2 Qe6 10. Qe2 Ne7 11. Qc4 Qf6 12. O-O-O Ng6 13. Qe2 Nf4 14. Bxf4
Qxf4 15. Qe3 Qh4 16. Nb3 g6 17. dxe5 Bh6 0-1

[Event "International Championship of Central Se"]
[Site "Paracin, hotel "]
[Date "2013.07.05"]
[Round "1.21"]
[White "Milanovic, Maja"]
[Black "Stefanovic, Rade"]
[Result "1-0"]
[WhiteElo "1969"]
[BlackElo "1658"]
[PlyCount "63"]
[EventDate "2013.07.05"]

1. e4 e5 2. Nf3 d6 3. d4 exd4 4. Nxd4 Nf6 5. Nc3 a6 6. Be2 g6 7. O-O Bg7 8. f4
c5 9. Nf3 O-O 10. Bc4 b5 11. Bd5 Nxd5 12. Nxd5 Nc6 13. c3 Re8 14. Qd3 f5 15.
Ne3 Be6 16. exf5 gxf5 17. Ng5 c4 18. Qc2 Qf6 19. Nxe6 Rxe6 20. Qxf5 Rae8 21.
Qxf6 Bxf6 22. Nd5 Bd8 23. Bd2 Kf7 24. Rf3 Re2 25. Rd1 Ne7 26. Ne3 Bb6 27. Kf1
Rxd2 28. Rxd2 Ng6 29. Nf5 Bc5 30. Nxd6+ Bxd6 31. Rxd6 Re4 32. Rxa6 1-0

[Event "International Championship of Central Se"]
[Site "Paracin, hotel "]
[Date "2013.07.05"]
[Round "1.22"]
[White "Petrovic, Petar R"]
[Black "Jakovljevic, Dejan"]
[Result "1/2-1/2"]
[WhiteElo "1657"]
[BlackElo "1964"]
[PlyCount "49"]
[EventDate "2013.07.05"]

1. e4 e6 2. d4 d5 3. exd5 exd5 4. Bd3 Nc6 5. c3 Bd6 6. Ne2 Bg4 7. O-O Nge7 8.
f3 Bh5 9. Bf4 Qd7 10. Nd2 O-O-O 11. a4 Bg6 12. Nb3 Bxd3 13. Qxd3 Qf5 14. Qxf5+
Nxf5 15. Bxd6 Rxd6 16. a5 Ne3 17. Rfb1 Re8 18. Kf2 Nxg2 19. Rg1 Rg6 20. Nc5 Nh4
21. Nf4 Rf6 22. Ncd3 Nd8 23. Rg4 Nf5 24. Nxd5 Rd6 25. Re4 1/2-1/2

[Event "International Championship of Central Se"]
[Site "Paracin, hotel "]
[Date "2013.07.05"]
[Round "1.23"]
[White "Radovanovic, Miroljub B"]
[Black "Ratkovic, Petar"]
[Result "1/2-1/2"]
[WhiteElo "1961"]
[BlackElo "1657"]
[PlyCount "70"]
[EventDate "2013.07.05"]

1. e4 c6 2. d4 d5 3. Nc3 dxe4 4. Nxe4 Bf5 5. Ng3 Bg6 6. f4 Nf6 7. Nf3 e6 8. Be2
Nbd7 9. O-O Be7 10. Ne5 O-O 11. Bf3 Qc7 12. h4 Bf5 13. Nxf5 exf5 14. Qd3 Ne4
15. Bxe4 fxe4 16. Qxe4 Bxh4 17. Bd2 Rad8 18. Rf3 Be7 19. Ng6 hxg6 20. Qxe7 Rfe8
21. Qh4 Re4 22. Rh3 f6 23. Qh7+ Kf7 24. f5 Nf8 25. fxg6+ Nxg6 26. Rh6 Rg4 27.
Rxg6 Rxg6 28. Qh4 Qb6 29. Bc3 Rh6 30. Qg4 Qc7 31. Re1 Rdh8 32. Qe6+ Kg6 33.
Qe4+ Kf7 34. Qe6+ Kg6 35. Qe4+ Kf7 1/2-1/2

[Event "International Championship of Central Se"]
[Site "Paracin, hotel "]
[Date "2013.07.05"]
[Round "1.24"]
[White "Miloradovic, Stanisav"]
[Black "Stojanovic, Vladimir M"]
[Result "0-1"]
[WhiteElo "1651"]
[BlackElo "1959"]
[PlyCount "134"]
[EventDate "2013.07.05"]

1. d4 Nf6 2. c4 d6 3. Nc3 e5 4. d5 Be7 5. g3 O-O 6. Bg2 a5 7. a4 Na6 8. Nf3 Nc5
9. O-O h6 10. Be3 Nfd7 11. Qc1 Nb3 12. Qc2 Nxa1 13. Rxa1 b6 14. Nd2 Bg5 15. Qd3
Bxe3 16. Qxe3 Nc5 17. Nce4 Nxe4 18. Bxe4 f5 19. Bg2 f4 20. Qc3 fxg3 21. hxg3
Bg4 22. f3 Bf5 23. Nf1 Qg5 24. e4 Bd7 25. Kf2 Rf6 26. Nd2 Raf8 27. Qe3 Qg6 28.
Nf1 Qe8 29. b3 Qc8 30. Nd2 Bh3 31. Rh1 Bxg2 32. Kxg2 Qb7 33. Rf1 g5 34. Rh1 c6
35. Rf1 c5 36. Rh1 Qg7 37. g4 Kf7 38. Rh5 Ke7 39. Rh3 Kd8 40. Rh5 Rf4 41. Kg3
R8f6 42. Kg2 Rg6 43. Kg3 Rf8 44. Kg2 Qf7 45. Qe2 Qf4 46. Qf2 Rgf6 47. Qe2 R8f7
48. Rh3 Ke7 49. Rh5 Kf8 50. Rh3 h5 51. Rxh5 Kg7 52. Rh3 Rh6 53. Rxh6 Kxh6 54.
Nf1 Kg6 55. Ng3 Rh7 56. Nh5 Rxh5 57. gxh5+ Kxh5 58. Qd1 g4 59. Qh1+ Kg5 60. Qd1
Qxf3+ 61. Qxf3 gxf3+ 62. Kxf3 Kh4 63. Kf2 Kg4 64. Ke3 Kg3 65. Ke2 Kf4 66. Kd3
Kf3 67. b4 axb4 0-1

[Event "International Championship of Central Se"]
[Site "Paracin, hotel "]
[Date "2013.07.05"]
[Round "1.25"]
[White "Brankovan, Mario"]
[Black "Demic, Aleksandar"]
[Result "1-0"]
[WhiteElo "1938"]
[BlackElo "1646"]
[PlyCount "93"]
[EventDate "2013.07.05"]

1. c4 e5 2. Nc3 g6 3. g3 Bg7 4. Bg2 Nf6 5. d3 O-O 6. Nf3 d6 7. O-O Nc6 8. Bg5
h6 9. Bxf6 Bxf6 10. Rb1 Bg7 11. Nd2 f5 12. b4 f4 13. Nce4 h5 14. Nf3 Bh6 15. b5
Nb8 16. h4 fxg3 17. fxg3 Be3+ 18. Kh2 Bg4 19. Qb3 Kh8 20. Nfg5 Qe7 21. c5 Nd7
22. cxd6 cxd6 23. Nf7+ Kg7 24. Nfxd6 g5 25. hxg5 Bxg5 26. Nxg5 Qxg5 27. Rf7+
Kh6 28. Rxf8 Rxf8 29. Nf7+ Rxf7 30. Qxf7 h4 31. Qf2 hxg3+ 32. Qxg3 Nf6 33. Bh3
Bxe2 34. Qxg5+ Kxg5 35. Re1 Bxd3 36. Rxe5+ Kf4 37. Re7 Bxb5 38. Rxb7 a6 39. a4
Be8 40. Rb6 Ne4 41. Rxa6 Nc5 42. Ra8 Bg6 43. Bf1 Bd3 44. Bxd3 Nxd3 45. a5 Ke5
46. a6 Nb4 47. a7 1-0